书目信息 |
| 题名: |
漫画图解沟通智慧
|
|
| 作者: | 胡又红 编著 | |
| 分册: | ||
| 出版信息: | 西安 西安出版社 2024.06 |
|
| 页数: | 152页 | |
| 开本: | 23cm | |
| 丛书名: | ||
| 单 册: | ||
| 中图分类: | C912.11 | |
| 科图分类: | ||
| 主题词: | 心理交往--通俗读物 | |
| 电子资源: | ||
| ISBN: | 978-7-5541-7484-5 | |
| 000 | 00827nam0 2200229 450 | |
| 001 | 013046229 | |
| 005 | 20251022160442.35 | |
| 010 | @a978-7-5541-7484-5@dCNY59.80 | |
| 100 | @a20240730d2024 em y0chiy0120 ea | |
| 101 | 0 | @achi |
| 102 | @aCN@b610000 | |
| 105 | @aa z 000yy | |
| 106 | @ar | |
| 200 | 1 | @a漫画图解沟通智慧@9man hua tu jie gou tong zhi hui@f胡又红编著 |
| 210 | @a西安@c西安出版社@d2024.06 | |
| 215 | @a152页@d23cm | |
| 330 | @a本书共8章,内容包括:社交时代,要颜值更要“言值”;聪明人的七个沟通习惯;高情商沟通:把话说到对方心理去;幽默沟通术:有趣有料,才有聊;赞美的力量:迅速拉近人际关系;拒绝的艺术:既不伤自己又不伤和气等。 | |
| 606 | 0 | @a心理交往@j通俗读物 |
| 690 | @aC912.11@v5 | |
| 701 | 0 | @a胡又红@9hu you hong@4编著 |
| 801 | 0 | @aCN@c20250905 |
| 905 | @a河南城建学院图书馆@dC912.1@eH522@ZH522@f1 | |
| 漫画图解沟通智慧/胡又红编著.-西安:西安出版社,2024.06 |
| 152页;23cm |
| ISBN 978-7-5541-7484-5:CNY59.80 |
| 本书共8章,内容包括:社交时代,要颜值更要“言值”;聪明人的七个沟通习惯;高情商沟通:把话说到对方心理去;幽默沟通术:有趣有料,才有聊;赞美的力量:迅速拉近人际关系;拒绝的艺术:既不伤自己又不伤和气等。 |
| ● |
| 相关链接 |
|
|
|
正题名:漫画图解沟通智慧
索取号:C912.1/H522
 
预约/预借
| 序号 | 登录号 | 条形码 | 馆藏地/架位号 | 状态 | 备注 |
| 1 | 1631351 | 216313512 | 社科库509/509社科库 56排8列3层/ [索取号:C912.1/H522] | 在馆 |